| 000 | 00672nam a2200229 a 4500 | ||
|---|---|---|---|
| 005 | 20240806064009.0 | ||
| 008 | 050828s1985 es r 000 0 spa d | ||
| 020 | _a8475302947 | ||
| 035 | _aUPN01000139844 | ||
| 049 | _aCG | ||
| 050 | 4 |
_aPR4853 E8 _bP8.3 |
|
| 100 | 1 |
_aKipling, Rudyard, _d1864-1936 _928832 |
|
| 245 | 1 | 0 |
_aPuck / _cRudyard Kipling ; tr. Fernando Gutiérrez. |
| 260 |
_aBarcelona, Esp. : _bOrbis, _c1985. |
||
| 300 | _a208 p. | ||
| 440 | 4 |
_aLos premios Nobel ; _v41 |
|
| 534 |
_pTítulo original : _tPuck of Pook's hill |
||
| 586 | _aPremio Nobel 1907 | ||
| 650 | 4 |
_aLiteratura inglesa _95228 |
|
| 650 | 0 |
_aCuentos ingleses _913122 |
|
| 905 | _aLibro | ||
| 999 |
_c111992 _d111992 |
||